Collins German-English English-German dictionary (Record no. 103568)

MARC details
000 -LEADER
fixed length control field 00828cam a2200265 4500
008 - FIXED-LENGTH DATA ELEMENTS--GENERAL INFORMATION
fixed length control field 040506n2004 000 0 eng u
020 ## - INTERNATIONAL STANDARD BOOK NUMBER
International Standard Book Number 0007126301
035 ## - SYSTEM CONTROL NUMBER
System control number (Sirsi) u126129
041 ## - LANGUAGE CODE
Language code of text/sound track or separate title eng
041 ## - LANGUAGE CODE
Language code of text/sound track or separate title ger
050 ## - LIBRARY OF CONGRESS CALL NUMBER
Classification number 433
-- 18
100 ## - MAIN ENTRY--PERSONAL NAME
Personal name Terrell, Peter
245 ## - TITLE STATEMENT
Title Collins German-English English-German dictionary
250 ## - EDITION STATEMENT
Edition statement 5th ed.
260 ## - PUBLICATION, DISTRIBUTION, ETC.
Place of publication, distribution, etc. Glasgow
Name of publisher, distributor, etc. HarperCollins
Date of publication, distribution, etc. 2004
300 ## - PHYSICAL DESCRIPTION
Extent xxvi, 2108p.
Dimensions 27cm.
350 ## - PRICE (NR) (BK AM CF MU VM SE) [OBSOLETE]
Price 21
520 ## - SUMMARY, ETC.
Summary, etc. The latest edition of this German dictionary provides accurate and reliable coverage of contemporary vocabulary and usage and incorporates all the changes from the German spelling reform.
650 ## - SUBJECT ADDED ENTRY--TOPICAL TERM
Topical term or geographic name entry element GERMAN
650 ## - SUBJECT ADDED ENTRY--TOPICAL TERM
Topical term or geographic name entry element DICTIONARIES
700 ## - ADDED ENTRY--PERSONAL NAME
Personal name Schnorr, Veronika
700 ## - ADDED ENTRY--PERSONAL NAME
Personal name Smith, Wendy
700 ## - ADDED ENTRY--PERSONAL NAME
Personal name Breitsprecher, Roland
942 ## - ADDED ENTRY ELEMENTS (KOHA)
Suppress in OPAC 0
Holdings
Withdrawn status Lost status Source of classification or shelving scheme Damaged status Not for loan Home library Current library Shelving location Date acquired Cost, normal purchase price Total Checkouts Full call number Barcode Date last seen Copy number Cost, replacement price Price effective from Koha item type
    Dewey Decimal Classification     London London Reference copy 11/05/2004 21.00   DICTIONARIES 30069256 06/08/2019 1 21.00 06/08/2019 Reference material